00806nam a2200205 a 450000100060000000300090000600800410001502000150005604000280007108200180009910000200011724500280013725000060016526000310017130000110020250503220021365000230053565000180055865000240057619018CO-ViMGA141112s2004 ck r 000 u spa d a9701506367 aCO-ViMGAbspacCO-ViMGA04a621.381 B657i1 aBolton, William10aIngeniería de Control a2 aMexico : bAlfaomega; 2001 a397 p. aSistemas de control Modelos de sistemas mecanicos, electricos, fluídicos y termicos Transformadas de Laplace Modelos de sistemas dinámicos Modelos mediante diagramas de bloques El error en estado estable Polos, ceros y estabilidad Analisis del lugar geom'treico de las raíces Controladores Transformada Z MATLAB14aCONTROL AUTOMATICO14aELECTROTECNIA14aINGENIERIA MECANICA